The role of plant roots in crop production

Saved in:
Bibliographic Details
Main Author: FAGERIA, Nand Kumar
Format: Book
Language:English
Published: CRC Press , 2013.
Tags: Add Tag
No Tags, Be the first to tag this record!

MARC

LEADER 00000nam a22000007a 4500
008 201217b ||||| |||| 00| 0 eng d
020 |a ISBN: 978-1-4398-6737-2 
100 |a FAGERIA, Nand Kumar 
245 |a The role of plant roots in crop production  |c Nand Kumar Fageria.  |g xv, 451p.; ill. 
260 |b  CRC Press  |c , 2013.  |h Boca Raton  |i 689878  |l QK644 .F12 
500 |a “It includes references and index”. 
942 |a lcc  |c BK  |e Olagoke,M A  |f 17/12/2020 
952 |0 0  |1 0  |2 lcc  |4 0  |6 QK0644 F12  |7 0  |9 646  |a HOL  |b HOL  |c QZ  |d 2020-12-17  |l 0  |o QK644 .F12  |p 2020-22963  |r 2020-12-17 00:00:00  |w 2020-12-17  |y BK 
999 |c 358  |d 358